Statistics for All Valorant Skins Super Quiz

Click here to take the quiz!

General Stats

  • This quiz has been taken 21 times
  • The average score is 37 of 150

Answer Stats

CategoryNon-Battlepass% Correct
Non-BPReaver
94%
Non-BPGlitchpop
83%
BattlePassK/TAC
83%
Non-BPNeptune
83%
Non-BPPrime
83%
Non-BPElderflame
78%
Non-BPKuronami
78%
Non-BPOni
72%
Non-BPRGX 11Z Pro
72%
Non-BPMagepunk
67%
Non-BPPrelude to Chaos
67%
Non-BPSovereign
67%
Non-BPAraxys
61%
Non-BPForsaken
61%
Non-BPIon
61%
Non-BPReacon
61%
Non-BPSentinels of Light
61%
Non-BPGaia's Vengeance
56%
Non-BPLuxe
56%
BattlePassRuin
56%
Non-BPSmite
56%
Non-BPSpectrum
56%
Non-BPXenohunter
56%
Non-BPEgo
50%
Non-BPNeo Frontier
50%
Non-BPOrigin
50%
Non-BPRadiant Entertainment System
50%
Non-BPSingularity
50%
Non-BPBlack Market
44%
Non-BPBlastX
44%
Non-BPNebula
44%
Non-BPPrism
44%
Non-BPProtocol 781-A
44%
Non-BPRadiant Crisis 001
44%
Non-BPTitanmail
44%
Non-BPUndercity
44%
Non-BPValorant Go
44%
Non-BPWinter Wunderland
44%
Non-BPXeroFang
44%
Non-BPAvalanche
39%
Non-BPChronoVoid
39%
Non-BPCryostasis
39%
Non-BPGUN
39%
Non-BPMinima
39%
Non-BPOverdrive
39%
Non-BPRuination
39%
Non-BPSakura
39%
Non-BPSpline
39%
Non-BPTethered Realms
39%
Non-BPValiant Hero
39%
BattlePassArtisan
33%
Non-BPCelestial
33%
Non-BPCrimson Beast
33%
Non-BPImperium
33%
Non-BPSensation
33%
Non-BPWasteland
33%
Non-BPDoodle Buds
28%
Non-BPInfantry
28%
Non-BPNunca Olvidados
28%
Non-BPSoulstrife
28%
Non-BPTeam Ace
28%
Non-BPAltitude
22%
Non-BPAristocrat
22%
Non-BPEndeavour
22%
Non-BPHorizon
22%
Non-BPPrimordium
22%
Non-BPSilvanus
22%
BattlePassSYS
22%
BattlePassHivemind
17%
BattlePassJigsaw
17%
Non-BPRush
17%
Non-BPSnowfall
17%
Non-BPTigris
17%
BattlePassVelocity
17%
Non-BPAbyssal
11%
BattlePassAero
11%
Non-BPConvex
11%
Non-BPGalleria
11%
BattlePassGenesis
11%
BattlePassPolyFox
11%
BattlePassPolyFrog
11%
BattlePassPrism III
11%
BattlePassSongsteel
11%
BattlePassSpitfire
11%
BattlePassTask Force 809
11%
BattlePassTopotek
11%
LimitedsValorant Champions 2022
11%
LimitedsValorant Champions 2023
11%
BattlePassVenturi
11%
BattlePass9 Lives
6%
BattlePassAerosol
6%
AgentChamber’s Finesse Classic
6%
BattlePassCoalition: Cobra
6%
BattlePassCouture
6%
BattlePassDepths
6%
BattlePassDot Exe
6%
BattlePassElectroflux
6%
BattlePassGrid Crash
6%
BattlePassImmortalized
6%
BattlePassIridian Thorn
6%
BattlePassJade
6%
AgentJett’s Game Over Sheriff
6%
AgentKAY/O’s FIRE/ARM Classic
6%
BattlePassLightwave
6%
BattlePassLycan's Bane
6%
BattlePassNitro
6%
BattlePassOutpost
6%
AgentPhoenix’s Spitfire Frenzy
6%
BattlePassPiedra Del Sol
6%
BattlePassPremiere Collision
6%
AgentRaze’s Pistolinha Classic
6%
BattlePassRune Stone
6%
BattlePassSchema
6%
BattlePassShimmer
6%
BattlePassSignature
6%
AgentSova’s Protektor Sheriff
6%
BattlePassStriker
6%
BattlePassTide
6%
LimitedsValorant Champions 2021
6%
AgentViper’s Snakebite Shorty
6%
AgentAstra's Eclipse Ghost
0%
AgentBreach’s Ragnarocker Frenzy
0%
AgentBrimstone’s Peacekeeper Sheriff
0%
BattlePassCavalier
0%
AgentCypher’s Hush Ghost
0%
AgentDeadlock’s Resolution Classic
0%
BattlePassDivine
0%
AgentFade’s Karabasan Shorty
0%
AgentGekko’s Sidekick Shorty
0%
BattlePassGoldwing
0%
AgentHarbor’s Wayfarer Sheriff
0%
BattlePassHue Shift
0%
BattlePassHydrodip
0%
LimitedsIGNITE Collection
0%
BattlePassInfinity
0%
AgentIso’s Mythmaker Sheriff
0%
AgentKilljoy’s Wunderkind Shorty
0%
BattlePassKingdome
0%
BattlePassMonarch
0%
AgentNeon’s Live Wire Frenzy
0%
AgentOmen’s Soul Silencer Ghost
0%
BattlePassRed Alert
0%
AgentReyna’s Vendetta Ghost
0%
LimitedsRiotX Arcane
0%
AgentSage’s Final Chamber Classic
0%
AgentSkye’s Swooping Frenzy
0%
BattlePassStarlit Adyssey
0%
BattlePassVarnish
0%
LimitedsVCT Lock In Collection
0%
AgentYoru’s Death Wish Sheriff
0%

Score Distribution

Percentile by Number Answered

Percent of People with Each Score

Your Score History

You have not taken this quiz